Studi sulle operette morali di Giacomo Leopardi / (Record no. 126021)

MARC details
000 -LEADER
campo de control de longitud fija 00597nam a2200181 i 4500
001 - NÚMERO DE CONTROL
campo de control 126021
003 - IDENTIFICADOR DE NÚMERO DE CONTROL
campo de control ES-MaACL
005 - FECHA Y HORA DE LA ÚLTIMA TRANSACCIÓN
campo de control 20240429130055.0
007 - CAMPO FIJO DE DESCRIPCIÓN FÍSICA--INFORMACIÓN GENERAL
campo de control de longitud fija t|
008 - DATOS DE LONGITUD FIJA--INFORMACIÓN GENERAL
campo de control de longitud fija 070214s1934 it r ||||1| ita d
100 1# - ENTRADA PRINCIPAL--NOMBRE DE PERSONA
Nombre de persona Reichenbach, Giulio.
9 (RLIN) 95959
245 10 - MENCIÓN DEL TÍTULO
Título Studi sulle operette morali di Giacomo Leopardi /
Mención de responsabilidad, etc. Giulio Reichenbach.
260 ## - PUBLICACIÓN, DISTRIBUCIÓN, ETC.
Lugar de publicación, distribución, etc. Firenze :
Nombre del editor, distribuidor, etc. La Nuova Italia,
Fecha de publicación, distribución, etc. 1934 (
Fabricante Industria Tipográfica Fiorentina)
300 ## - DESCRIPCIÓN FÍSICA
Extensión 223 p. ;
Dimensiones 20 cm.
600 14 - PUNTO DE ACCESO ADICIONAL DE MATERIA--NOMBRE DE PERSONA
Nombre de persona Leopardi, Giacomo,
Fechas asociadas al nombre 1798-1837-
Subdivisión general Crítica e interpretación
9 (RLIN) 71705
852 ## - LOCALIZACIÓN
Ubicación ES-MaACL
Número de control de estantería A-2699
Holdings
Estatus retirado Estado de pérdida Estado de daño No para préstamo Biblioteca de origen Biblioteca actual Ubicación en estantería Fecha de adquisición Fuente de adquisición Total de préstamos Signatura topográfica completa Código de barras Visto por última vez Precio de reemplazo Tipo de ítem Koha
        Biblioteca del Ateneo de Madrid Biblioteca del Ateneo de Madrid Sala Pecera Planta 1 17/01/2008     A-2699 1131268 23/02/2023 23/02/2023 Libro impreso